Statistics for U.S. General Knowledge #57

Click here to take the quiz!

General Stats

  • This quiz has been taken 8,181 times
  • The average score is 14 of 20

Answer Stats

QuestionAnswer% Correct
Who sang "Happy Birthday, Mr. President" to John F. Kennedy?Marilyn Monroe
92%
Where are you if you hear an announcement saying "use care when opening the
overhead bins, as items may have shifted"?
On a plane
91%
What are the Academy Awards commonly known as?The Oscars
91%
Who is typically depicted with a pointy white beard and wearing a
red, white, and blue top hat?
Uncle Sam
83%
What is a Stetson? (hint: you can wear one)a Hat
81%
In what state is it possible to drive from Naples to St. Petersburg in a single day?Florida
79%
What red bird is the state bird of 7 different states, more than any other?Northern cardinal
77%
For what crime was Al Capone sent to prison?Tax evasion
75%
What company makes Rice Krispies?Kellogg's
74%
In the 1990s, six people gathered on Thursdays at Central Perk.
Name one of them.
Monica | Rachel |
Phoebe | Chandler |
Ross | Joey
72%
What former late night TV host owns about 180 cars?Jay Leno
70%
On what TV show did characters visit the Holodeck?
Star Trek: The Next
Generation
68%
What base serves as the headquarters of the U.S. Pacific fleet?Pearl Harbor
65%
What word comes after "bombs" in the American national anthem?Bursting
64%
In what tony Los Angeles suburb would you find Rodeo Drive?Beverly Hills
58%
Where, according to the song, do "the deer and the antelope play"?The Range
57%
What major college sports conference, despite its name, consists of 14 teams?Big Ten
54%
What is the world's most famous sled dog race?Iditarod
51%
"Potent potables" were a frequent category on "Jeopardy". What is a potent potable?Alcoholic drink
49%
Who was President during the Centennial of the United States?Ulysses S. Grant
49%

Score Distribution

Percentile by Number Answered

Percent of People with Each Score

Your Score History

You have not taken this quiz